[Event "4th Cap Verde-ch 2020"]
[Site "Mindelo"]
[Date "2020.10.17"]
[Round "4.2"]
[White "Monteiro, Antonio David Cabral"]
[Black "Pereira, Eder Marcio"]
[Result "1-0"]
[WhiteElo "1766"]
[BlackElo "1788"]
[Annotator "NA"]
[PlyCount "56"]
[EventDate "2020.10.08"]
[EventType "swiss"]
[EventCountry "KAP"]
[SourceTitle "playchess.com"]
[Source "ChessBase"]
[SourceQuality "1"]
[TimeControl "40/5400+30:1800+30"]

1. d4 {[%emt 0:00:00]} Nf6 {[%emt 0:05:49]} 2. c4 {[%emt 0:00:12]} e6 {[%emt 0:00:33]} 3. Nc3 {[%emt 0:00:20]} d5 {[%emt 0:00:13]} 4. Bg5 {[%emt 0:00:54]} Nbd7 {[%emt 0:01:02]} 5. e3 {[%emt 0:00:37]} Be7 {[%emt 0:01:27]} 6. Nf3 {[%emt 0:01:29]} b6 {[%emt 0:00:48]} 7. cxd5 {[%emt 0:04:57]} exd5 {[%emt 0:10:08]} 8. Bd3 {[%emt 0:01:24]} O-O {[%emt 0:02:00]} 9. O-O {[%emt 0:00:55]} Bb7 {[%emt 0:00:27]} 10. Rc1 {[%emt 0:01:25]} h6 {[%emt 0:06:32]} 11. Bh4 {[%emt 0:02:06]} Re8 {[%emt 0:08:24]} 12. a3 {[%emt 0:07:49]} Rc8 {[%emt 0:09:21]} 13. Nb5 {[%emt 0:08:36]} c6 {[%emt 0:09:29]} 14. Nxa7 {[%emt 0:00:44]} Nh5 {[%emt 0:11:18]} 15. Nxc8 {[%emt 0:07:31]} Qxc8 {[%emt 0:01:37]} 16. Bf5 {[%emt 0:03:16]} Qd8 {[%emt 0:01:06]} 17. Bxd7 {[%emt 0:02:24]} Qxd7 {[%emt 0:03:01]} 18. Ne5 {[%emt 0:01:46]} Qf5 {[%emt 0:01:49]} 19. g4 {[%emt 0:02:36]} Qe4 {[%emt 0:00:08]} 20. Bxe7 {[%emt 0:04:42]} Rxe7 {[%emt 0:01:25]} 21. gxh5 {[%emt 0:07:36]} Rxe5 {[%emt 0:06:15]} 22. dxe5 {[%emt 0:02:24]} c5 {[%emt 0:00:19]} 23. Qe2 {[%emt 0:02:41]} d4 {[%emt 0:16:30]} 24. f3 {[%emt 0:00:29]} Qxe5 {[%emt 0:00:19]} 25. Rce1 {[%emt 0:02:50]} Qg5+ {[%emt 0:01:19]} 26. Qg2 {[%emt 0:02:03]} Qd5 {[%emt 0:00:08]} 27. exd4 {[%emt 0:01:54]} cxd4 {[%emt 0:00:34]} 28. Qg4 {[%emt 0:01:59]} f5 {[%emt 0:01:03]} 1-0

[Event "4th Cap Verde-ch 2020"]
[Site "Mindelo"]
[Date "2020.10.17"]
[Round "4.4"]
[White "Neves, Diogo Alexandre"]
[Black "Fernandes, Henry"]
[Result "1-0"]
[WhiteElo "1573"]
[BlackElo "1619"]
[Annotator "NA"]
[PlyCount "27"]
[EventDate "2020.10.08"]
[EventType "swiss"]
[EventCountry "KAP"]
[SourceTitle "playchess.com"]
[Source "ChessBase"]
[SourceQuality "1"]
[TimeControl "40/5400+30:1800+30"]

1. d4 {[%emt 0:00:00]} d5 {[%emt 0:03:59]} 2. Bf4 {[%emt 0:00:00]} Nf6 {[%emt 0:00:19]} 3. e3 {[%emt 0:00:35]} e6 {[%emt 0:00:07]} 4. Nf3 {[%emt 0:00:18]} Bd6 {[%emt 0:00:12]} 5. Bg3 {[%emt 0:00:21]} c5 {[%emt 0:00:53]} 6. c3 {[%emt 0:00:38]} O-O {[%emt 0:02:11]} 7. Nbd2 {[%emt 0:01:03]} cxd4 {[%emt 0:00:32]} 8. exd4 {[%emt 0:01:26]} Nc6 {[%emt 0:00:52]} 9. Bd3 {[%emt 0:00:36]} Re8 {[%emt 0:00:36]} 10. Ne5 {[%emt 0:01:23]} Qc7 {[%emt 0:01:14]} 11. f4 {[%emt 0:00:47]} Nd7 {[%emt 0:01:21]} 12. O-O {[%emt 0:01:28]} f6 {[%emt 0:00:41]} 13. Qh5 {[%emt 0:00:55]} Kf8 {[%emt 0:06:08]} 14. Qf7# {[%emt 1:27:30]} 1-0

[Event "4th Cap Verde-ch 2020"]
[Site "Mindelo"]
[Date "2020.10.17"]
[Round "5.1"]
[White "Ortega Amarelle, Mariano"]
[Black "Monteiro, Antonio David Cabral"]
[Result "1-0"]
[WhiteElo "2458"]
[BlackElo "1766"]
[Annotator "TA"]
[PlyCount "59"]
[EventDate "2020.10.08"]
[EventType "swiss"]
[EventCountry "KAP"]
[SourceTitle "playchess.com"]
[Source "ChessBase"]
[SourceQuality "1"]

{[%evp 9,59,18,30,18,42,34,45,23,35,-8,-6,0,39,37,37,43,58,66,61,62,61,62,69,63,70,71,100,76,78,85,75,81,272,257,244,153,160,149,153,147,147,100,241,233,233,228,298,296,422,416,493,456]} 1. d4 Nf6 2. Bg5 Ne4 3. Bf4 d5 4. e3 e6 5. Bd3 Nf6 6. Nf3 {A45: Trompowsky Attack.} c5 7. O-O Nc6 8. c3 {White is slightly better.} Bd6 9. Bg3 (9. dxc5 {feels hotter.} Bxc5 10. Nbd2 O-O 11. Re1 Bd7 12. a3) 9... Bxg3 10. hxg3 {[#]} cxd4 $146 ({Predecessor:} 10... Qe7 11. Nbd2 O-O 12. Ne5 Nxe5 13. dxe5 Nd7 14. f4 c4 15. Bc2 f6 16. Qh5 g6 {½-½ (31) Ibanez Tarradellas,E (2203)-Colon Garcia,E (2339) Barcelona 2018}) 11. exd4 O-O 12. Nbd2 Qd6 13. Re1 Nd7 14. Qe2 Re8 15. Ne5 {Threatens to win with Bxh7+!} Ncxe5 16. dxe5 Qe7 17. Nf3 f6 18. Rad1 $40 {[%mdl 128] White wants a kill.} fxe5 19. Nxe5 Nxe5 20. Qxe5 {And now Qh5 would win.} Qf6 $2 {[#]} (20... Bd7 $16 {was worth a try.}) 21. Bxh7+ $1 $18 {[%mdl 512]} Kf7 (21... Kxh7 22. Qh5+) 22. Bb1 {Qh5+ is the strong threat.} Qxe5 23. Rxe5 Bd7 24. Rd4 Kf6 25. Re3 Bc6 (25... g5 $16 {was necessary.}) 26. Rf4+ Ke7 27. Rg4 Kf8 28. Bg6 Re7 (28... Rec8 {might work better.} 29. Rxe6 Be8) 29. Rh4 {[%cal Rh4h8]} Kg8 {[#]} 30. Re5 $1 {Av CentiPawn Loss W=-12/B=-30. Weighted=-13/-40} 1-0

[Event "4th Cap Verde-ch 2020"]
[Site "Mindelo"]
[Date "2020.10.17"]
[Round "5.3"]
[White "Pereira, Eder Marcio"]
[Black "Neves, Diogo Alexandre"]
[Result "1-0"]
[WhiteElo "1788"]
[BlackElo "1573"]
[Annotator "NA RC"]
[PlyCount "53"]
[EventDate "2020.10.08"]
[EventType "swiss"]
[EventCountry "KAP"]
[SourceTitle "playchess.com"]
[Source "ChessBase"]
[SourceQuality "1"]
[TimeControl "40/5400+30:1800+30"]

1. d4 {[%emt 0:00:06]} Nf6 {[%emt 0:00:00]} 2. Bf4 {[%emt 0:00:27]} g6 {[%emt 0:00:50]} 3. e3 {[%emt 0:02:34]} Bg7 {[%emt 0:00:24]} 4. h3 {[%emt 0:00:47]} d6 {[%emt 0:01:05]} 5. Nf3 {[%emt 0:00:15]} O-O {[%emt 0:00:33]} 6. Be2 {[%emt 0:00:41]} c5 {[%emt 0:03:19]} 7. c3 {[%emt 0:06:34]} b6 {[%emt 0:01:54]} 8. O-O {[%emt 0:03:40]} Bb7 {[%emt 0:01:49]} 9. Nbd2 {[%emt 0:00:31]} Nbd7 {[%emt 0:00:31]} 10. a4 {[%emt 0:00:36]} Re8 {[%emt 0:06:42]} 11. Nc4 {[%emt 0:17:39]} Rc8 {[%emt 0:11:26]} 12. Bxd6 {[%emt 0:10:18]} exd6 {[%emt 0:01:19]} 13. Nxd6 {[%emt 0:00:17]} Qc7 {[%emt 0:00:26]} 14. Nxe8 {[%emt 0:03:13]} Rxe8 {[%emt 0:01:05]} 15. Qb3 {[%emt 0:11:58]} cxd4 {[%emt 0:08:59]} 16. cxd4 {[%emt 0:01:04]} Bxf3 {[%emt 0:04:01]} 17. Bxf3 {[%emt 0:00:30]} Ne4 {[%emt 0:00:50]} 18. Rac1 {[%emt 0:05:59]} Qd6 {[%emt 0:01:53]} 19. Bxe4 {[%emt 0:01:10]} Rxe4 {[%emt 0:00:21]} 20. Rc8+ {[%emt 0:00:15]} Bf8 {[%emt 0:00:41]} 21. Rfc1 {[%emt 0:01:51]} Kg7 {[%emt 0:00:39]} 22. R1c6 {[%emt 0:02:12]} Qb4 {[%emt 0:02:09]} 23. Qxb4 {[%emt 0:08:48]} Bxb4 {[%emt 0:00:49]} 24. R6c7 {[%emt 0:00:39]} Nf6 {[%emt 0:02:01]} 25. Rxa7 {[%emt 0:00:48]} Re7 {[%emt 0:00:17]} 26. Rxe7 {[%emt 0:01:48]} Bxe7 {[%emt 0:00:23]} 27. Rb8 {[%emt 0:18:50]} 1-0

[Event "4th Cap Verde-ch 2020"]
[Site "Mindelo"]
[Date "2020.10.18"]
[Round "6.1"]
[White "Pereira, Eder Marcio"]
[Black "Ortega Amarelle, Mariano"]
[Result "0-1"]
[WhiteElo "1788"]
[BlackElo "2458"]
[Annotator "TA"]
[PlyCount "56"]
[EventDate "2020.10.08"]
[EventType "swiss"]
[EventCountry "KAP"]
[SourceTitle "playchess.com"]
[Source "ChessBase"]
[SourceQuality "1"]

{[%evp 9,56,41,45,17,15,24,19,8,7,24,29,37,35,41,44,40,40,30,22,0,0,0,0,0,0,-11,-9,-89,-78,-120,-120,-121,-106,-136,-161,-150,-136,-127,-123,-194,-135,-265,-291,-256,-202,-566,-576,-629,-613]} 1. Nf3 c5 2. b3 Nc6 3. e3 e5 4. Bb2 e4 5. Ne5 Nf6 6. Be2 {A04: Unusual lines after 1 Nf3 and King's Indian Attack.} (6. d3 {keeps more tension.} Nxe5 7. Bxe5 Be7 8. dxe4 d6 9. Bb2) 6... d5 {[#]} 7. Nxc6 $146 ({Predecessor:} 7. f4 exf3 8. Bxf3 Bd6 9. Nxc6 bxc6 10. g3 h5 11. Nc3 Qc7 12. Qe2 Bg4 13. Bxg4 hxg4 {0-1 (28) Mitjaville,L (1988)-Milchev,N (2429) Mont de Marsan 2012}) 7... bxc6 8. d3 {The position is equal.} Bd6 9. Nd2 Bf5 10. g4 Bg6 11. g5 exd3 12. cxd3 ({Much weaker is} 12. gxf6 dxe2 13. Qxe2 gxf6 $15) 12... Nd7 13. Bxg7 Rg8 14. Bb2 Qxg5 15. h4 Qe7 16. Nf3 Bf5 17. Qd2 a5 18. Bc3 (18. O-O-O $11) 18... a4 $36 {[%mdl 2048] White is under strong pressure.} 19. bxa4 Nb6 20. a5 Na4 21. Kf1 Bc7 22. Rb1 Nxc3 23. Qxc3 Bxa5 24. Qb2 (24. Qc1 $17 {was called for.}) 24... h6 (24... f6 $19 {Strongly threatening ...Qg7.} 25. Ne1 Qe6) 25. Qe5 (25. Ne5 $17 Rc8 26. Rd1) 25... Qxe5 $19 26. Nxe5 Bc3 27. Nxc6 $2 {[#]} (27. Nf3 {is tougher.}) 27... Kd7 28. e4 dxe4 {Av CentiPawn Loss W=-36/B=-4. Weighted=-36/-6} ({Less strong is} 28... Kxc6 29. exf5 Rxa2 30. Rh3 $17) 0-1

[Event "4th Cap Verde-ch 2020"]
[Site "Mindelo"]
[Date "2020.10.18"]
[Round "6.2"]
[White "Rodriguez Guevara, Celia M."]
[Black "Fortes, Aires"]
[Result "0-1"]
[WhiteElo "1858"]
[BlackElo "1504"]
[Annotator "NA RC"]
[PlyCount "37"]
[EventDate "2020.10.08"]
[EventType "swiss"]
[EventCountry "KAP"]
[SourceTitle "playchess.com"]
[Source "ChessBase"]
[SourceQuality "1"]
[TimeControl "40/5400+30:1800+30"]

1. e4 {[%emt 0:01:52]} e5 {[%emt 0:04:23]} 2. Nf3 {[%emt 0:00:20]} Nc6 {[%emt 0:00:08]} 3. Bc4 {[%emt 0:00:19]} Bc5 {[%emt 0:00:13]} 4. c3 {[%emt 0:00:15]} Nf6 {[%emt 0:00:49]} 5. d3 {[%emt 0:00:05]} a6 {[%emt 0:00:30]} 6. Bb3 {[%emt 0:00:56]} O-O {[%emt 0:00:36]} 7. O-O {[%emt 0:00:21]} d6 {[%emt 0:01:42]} 8. h3 {[%emt 0:00:40]} Be6 {[%emt 0:00:33]} 9. Bc2 {[%emt 0:00:40]} Ba7 {[%emt 0:07:19]} 10. a4 {[%emt 0:01:46]} d5 {[%emt 0:01:16]} 11. exd5 {[%emt 0:05:43]} Nxd5 {[%emt 0:01:54]} 12. Re1 {[%emt 0:09:27]} Qf6 {[%emt 0:04:46]} 13. d4 {[%emt 0:06:20]} exd4 {[%emt 0:01:23]} 14. Bg5 {[%emt 0:00:48]} Ne3 {[%emt 0:02:42]} 15. fxe3 {[%emt 0:00:30]} dxe3 {[%emt 0:00:25]} 16. Re2 {[%emt 0:00:55]} Bc4 {[%emt 0:04:11]} 17. Bxf6 {[%emt 0:00:19]} gxf6 {[%emt 0:00:28]} 18. Kh1 {[%emt 0:01:06]} Rad8 {[%emt 0:01:35]} 19. Qe1 {[%emt 0:01:10]} 0-1

[Event "4th Cap Verde-ch 2020"]
[Site "Mindelo"]
[Date "2020.10.18"]
[Round "6.3"]
[White "Monteiro, Antonio David Cabral"]
[Black "Neves, Diogo Alexandre"]
[Result "1/2-1/2"]
[WhiteElo "1766"]
[BlackElo "1573"]
[Annotator "NA RC"]
[PlyCount "125"]
[EventDate "2020.10.08"]
[EventType "swiss"]
[EventCountry "KAP"]
[SourceTitle "playchess.com"]
[Source "ChessBase"]
[SourceQuality "1"]
[TimeControl "40/5400+30:1800+30"]

1. d4 {[%emt 0:03:48]} Nf6 {[%emt 0:00:00]} 2. Bf4 {[%emt 0:01:00]} g6 {[%emt 0:00:02]} 3. Nc3 {[%emt 0:01:18]} Bg7 {[%emt 0:00:47]} 4. e4 {[%emt 0:00:45]} d6 {[%emt 0:03:20]} 5. Qd2 {[%emt 0:01:25]} O-O {[%emt 0:01:33]} 6. O-O-O {[%emt 0:01:49]} a6 {[%emt 0:00:53]} 7. Bd3 {[%emt 0:02:34]} b5 {[%emt 0:06:42]} 8. Bh6 {[%emt 0:01:16]} b4 {[%emt 0:04:56]} 9. Nce2 {[%emt 0:00:40]} a5 {[%emt 0:01:03]} 10. h4 {[%emt 0:00:44]} Ng4 {[%emt 0:00:52]} 11. Bxg7 {[%emt 0:01:59]} Kxg7 {[%emt 0:00:14]} 12. Nh3 {[%emt 0:04:33]} e5 {[%emt 0:04:15]} 13. h5 {[%emt 0:03:36]} exd4 {[%emt 0:02:55]} 14. hxg6 {[%emt 0:01:20]} fxg6 {[%emt 0:00:38]} 15. Nxd4 {[%emt 0:07:42]} Qf6 {[%emt 0:04:54]} 16. Ne2 {[%emt 0:05:06]} Nc6 {[%emt 0:03:17]} 17. f3 {[%emt 0:01:43]} Nge5 {[%emt 0:00:19]} 18. Nf2 {[%emt 0:03:03]} h5 {[%emt 0:02:24]} 19. f4 {[%emt 0:08:09]} Ng4 {[%emt 0:04:44]} 20. Nh3 {[%emt 0:01:26]} a4 {[%emt 0:02:50]} 21. Kb1 {[%emt 0:03:00]} a3 {[%emt 0:01:59]} 22. c3 {[%emt 0:02:07]} bxc3 {[%emt 0:02:18]} 23. Nxc3 {[%emt 0:09:50]} axb2 {[%emt 0:00:29]} 24. Nd5 {[%emt 0:03:25]} Qd4 {[%emt 0:02:21]} 25. Bc2 {[%emt 0:04:49]} Qa7 {[%emt 0:09:36]} 26. Qc3+ {[%emt 0:05:41]} Kh6 {[%emt 0:01:07]} 27. Bb3 {[%emt 0:06:09]} Bd7 {[%emt 0:04:57]} 28. Rd2 {[%emt 0:02:18]} Na5 {[%emt 0:04:50]} 29. Rxb2 {[%emt 0:09:53]} Nxb3 {[%emt 0:00:47]} 30. Rxb3 {[%emt 0:02:07]} Qxa2+ {[%emt 0:00:06]} 31. Kc1 {[%emt 0:00:00]} Qa1+ {[%emt 0:00:30]} 32. Qxa1 {[%emt 0:00:00]} Rxa1+ {[%emt 0:00:19]} 33. Rb1 {[%emt 0:00:00]} Ra2 {[%emt 0:01:35]} 34. Rb2 {[%emt 0:01:08]} Rxb2 {[%emt 0:01:28]} 35. Kxb2 {[%emt 0:00:02]} c6 {[%emt 0:01:08]} 36. Nb4 {[%emt 0:01:10]} Re8 {[%emt 0:03:40]} 37. Ng5 {[%emt 0:00:35]} Kg7 {[%emt 0:01:52]} 38. Ra1 {[%emt 0:00:26]} Nf6 {[%emt 0:03:02]} 39. Ra7 {[%emt 0:00:44]} Kf8 {[%emt 0:02:05]} 40. Rc7 {[%emt 0:00:57]} Rc8 {[%emt 0:05:06]} 41. Rxc8+ {[%emt 0:30:49]} Bxc8 {[%emt 0:30:11]} 42. Nxc6 {[%emt 0:00:12]} Bb7 {[%emt 0:00:12]} 43. Nd4 {[%emt 0:00:00]} Nxe4 {[%emt 0:00:00]} 44. Nxe4 {[%emt 0:00:00]} Bxe4 {[%emt 0:00:00]} 45. g3 {[%emt 0:00:00]} Kf7 {[%emt 0:00:00]} 46. Kc3 {[%emt 0:00:00]} Kf6 {[%emt 0:00:00]} 47. Kd2 {[%emt 0:00:00]} g5 {[%emt 0:00:00]} 48. Ke3 {[%emt 0:00:00]} d5 {[%emt 0:00:00]} 49. fxg5+ {[%emt 0:00:00]} Kxg5 {[%emt 0:00:00]} 50. Kf2 {[%emt 0:00:00]} Kg4 {[%emt 0:00:00]} 51. Ne2 {[%emt 0:00:00]} Bf3 {[%emt 0:00:00]} 52. Nd4 {[%emt 0:00:00]} Bd1 {[%emt 0:00:00]} 53. Nb5 {[%emt 0:00:00]} Kf5 {[%emt 0:00:00]} 54. Ke3 {[%emt 0:00:00]} Kg4 {[%emt 0:00:00]} 55. Kf2 {[%emt 0:00:00]} Be2 {[%emt 0:00:00]} 56. Nd4 {[%emt 0:00:00]} Bc4 {[%emt 0:00:00]} 57. Nf3 {[%emt 0:00:00]} Ba2 {[%emt 0:00:00]} 58. Nd4 {[%emt 0:00:00]} Bb1 {[%emt 0:00:00]} 59. Nf3 {[%emt 0:00:00]} Be4 {[%emt 0:00:00]} 60. Nd4 {[%emt 0:00:00]} h4 {[%emt 0:00:00]} 61. gxh4 {[%emt 0:00:00]} Kxh4 {[%emt 0:00:00]} 62. Ke3 {[%emt 0:00:00]} Kg4 {[%emt 0:00:00]} 63. Nc6 {[%emt 0:00:00]} 1/2-1/2

[Event "4th Cap Verde-ch 2020"]
[Site "Mindelo"]
[Date "2020.10.18"]
[Round "7.1"]
[White "Ortega Amarelle, Mariano"]
[Black "Fernandes, Henry"]
[Result "1-0"]
[WhiteElo "2458"]
[BlackElo "1619"]
[Annotator "TA"]
[PlyCount "93"]
[EventDate "2020.10.08"]
[EventType "swiss"]
[EventCountry "KAP"]
[SourceTitle "playchess.com"]
[Source "ChessBase"]
[SourceQuality "1"]

{[%evp 16,93,35,23,135,138,141,135,267,160,181,135,139,131,149,158,146,129,129,127,127,122,125,127,129,118,181,175,250,245,234,238,247,233,519,519,519,518,514,514,462,502,504,500,525,531,531,531,531,529,527,525,524,500,517,447,1713,1799,1671,1047,1852,1759,6371,2593,29970,12335,29977,29978,29982,29983,29983,29985,29985,29985,29987,29986,29989,29990,29990,29991]} 1. d4 d5 2. c4 c6 3. Nf3 Nf6 4. Nc3 e6 5. e3 Be7 6. b3 Nbd7 7. Bd3 Qc7 8. O-O O-O 9. Bb2 e5 {D46: Semi-Slav: 5 e3 Nbd7 6 Bd3, Black avoids the Meran.} (9... b6 $11) 10. cxd5 $16 exd4 11. Nxd4 Nxd5 {[#]} (11... Ne5 $16 {keeps fighting.} 12. Bc2 cxd5) 12. Nxd5 (12. Bxh7+ $1 $18 {[%mdl 512]} Kxh7 13. Qc2+ g6 14. Nxd5 {[%mdl 64] Pin}) 12... cxd5 {[#]} 13. Nb5 $146 ({Predecessor:} 13. Rc1 Qd8 14. Qf3 Nf6 15. Nf5 Bxf5 16. Bxf5 Qd6 17. g3 g6 18. Bh3 Ne4 19. Qf4 Qxf4 20. gxf4 {½-½ (30) Niebuhr,G (1972)-Prause,D (1772) Bad Sooden 2016}) 13... Qd8 14. Qh5 {[%csl Gd3][%cal Rh5h7]} g6 15. Qxd5 $40 {[%mdl 128] White wants a kill.} ({Don't take} 15. Qh6 $6 Bf6 $14) 15... Bf6 16. Bxf6 Nxf6 17. Qxd8 Rxd8 18. Nd4 b6 19. Rfc1 Bb7 20. Rc7 Rd7 (20... Rab8 $16 21. Bc4 Rd7 22. Rxd7 Nxd7) 21. Rac1 $18 a6 {[#]} (21... Bd5 $142 22. f3 Rxc7 23. Rxc7 a5) 22. Rxd7 $1 Nxd7 23. Rc7 Nc5 24. Bc4 Be4 $2 (24... Rc8 25. Bxf7+ (25. Rxf7 b5 $18) 25... Kf8 26. Rxc8+ Bxc8) 25. b4 Ne6 26. Nxe6 fxe6 27. Bxe6+ {[%mdl 4096] Endgame KRB-KRB} Kh8 28. Rc8+ Rxc8 29. Bxc8 {KB-KB} a5 30. a3 Kg7 31. f3 Bd3 32. Kf2 Kf6 33. e4 Bc4 34. Ke3 axb4 35. axb4 b5 (35... Bf1 $142 36. g3 Kf7) 36. f4 Ke7 37. e5 Bd5 38. g3 Kd8 39. Kd4 Bc4 40. Ba6 Kc7 41. Kc5 {White mates.} h5 42. Bxb5 Bf7 43. Bc4 Be8 44. b5 Kb7 45. Bd5+ Ka7 46. e6 Kb8 47. Bc6 {Av CentiPawn Loss W=-76/B=-149. Weighted=-93/-149} 1-0

[Event "4th Cap Verde-ch 2020"]
[Site "Mindelo"]
[Date "2020.10.18"]
[Round "7.2"]
[White "Monteiro, Antonio David Cabral"]
[Black "Rodriguez Guevara, Celia M."]
[Result "1-0"]
[WhiteElo "1766"]
[BlackElo "1858"]
[Annotator "NA RC"]
[PlyCount "115"]
[EventDate "2020.10.08"]
[EventType "swiss"]
[EventCountry "KAP"]
[SourceTitle "playchess.com"]
[Source "ChessBase"]
[SourceQuality "1"]
[TimeControl "40/5400+30:1800+30"]

{[%evp 10,115,17,12,12,18,18,8,31,32,40,33,23,23,18,7,3,-12,-24,-23,42,0,0,-10,-6,-55,-64,-216,-31,-611,-707,-617,-607,-577,-585,-376,-561,-621,-472,-417,-463,-491,-514,-542,-398,-385,-426,-390,-444,-520,-654,-576,-445,-409,-467,-460,-487,-469,-499,-463,-477,-530,-468,-509,-496,-512,-643,-772,-814,-726,-1031,-1213,-1806,-1271,-1770,-2022,-2339,-4700,-1266,-1376,-6087,-29982,-29979,32767,-12841,-29973,-29980,-7208,-536,-12843,-29961,-29987,7640,5634,5615,29978,29979,29986,29983,29988,29990,29991,29992,29993,29996,29997,29997,12849]} 1. d4 {[%emt 0:06:59]} d5 {[%emt 0:00:00]} 2. c4 {[%emt 0:00:54]} e6 {[%emt 0:00:08]} 3. Nc3 {[%emt 0:00:36]} Nf6 {[%emt 0:00:44]} 4. Bg5 {[%emt 0:00:17]} Be7 {[%emt 0:00:51]} 5. Nf3 {[%emt 0:00:25]} O-O {[%emt 0:02:46]} 6. e3 {[%emt 0:00:25]} Nbd7 {[%emt 0:01:08]} 7. Rc1 {[%emt 0:00:58]} h6 {[%emt 0:02:06]} 8. Bh4 {[%emt 0:00:09]} b6 {[%emt 0:04:31]} 9. cxd5 {[%emt 0:05:03]} exd5 {[%emt 0:05:13]} 10. Bd3 {[%emt 0:01:38]} Bb7 {[%emt 0:04:35]} 11. O-O {[%emt 0:00:41]} Ne4 {[%emt 0:05:00]} 12. Bxe7 {[%emt 0:04:25]} Qxe7 {[%emt 0:01:31]} 13. Bxe4 {[%emt 0:05:51] D58: Queen's Gambit Declined: Tartakower Defence.} dxe4 {[%emt 0:00:18]} 14. Nd2 {[%emt 0:03:32] [#]} Qh4 $146 {[%emt 0:07:06]} ({Predecessor:} 14... c5 $11 15. Qc2 cxd4 16. exd4 e3 17. Nc4 exf2+ 18. Rxf2 Nf6 19. Ne5 Rac8 20. Re2 Qb4 {0-1 (30) Popovic,M (1497)-Radosevic,N (1653) Podgorica 2019}) 15. Ne2 {[%emt 0:04:02]} c5 {[%emt 0:08:07]} 16. Qa4 {[%emt 0:06:33]} Rfd8 {[%emt 0:13:49]} 17. Rfd1 {[%emt 0:03:32]} cxd4 {[%emt 0:06:01]} 18. g3 $2 {[%emt 0:05:02]} (18. Qxd4 $15 Nc5 19. Nf3 Rxd4 20. Nxh4 Rxd1+ 21. Rxd1) 18... Qf6 $2 {[%emt 0:01:35]} (18... Qg4 $19 19. Nxd4 Nc5) 19. Qxd4 $2 {[%emt 0:01:05]} (19. exd4 $11 Nf8 20. Rc7) 19... Ne5 {[%emt 0:02:25]} 20. Nxe4 {[%emt 0:18:45]} Qf3 {[%emt 0:05:13]} 21. Qxd8+ {[%emt 0:09:39]} Rxd8 {[%emt 0:00:08]} 22. Rxd8+ {[%emt 0:00:12] [#]} Kh7 $1 {[%emt 0:00:04]} 23. N2c3 {[%emt 0:04:49]} Ng4 {[%emt 0:04:26]} 24. Rd2 {[%emt 0:07:29]} Bxe4 {[%emt 0:00:14]} 25. Nxe4 {[%emt 0:00:09]} Qxe4 {[%emt 0:00:21]} 26. Rd4 {[%emt 0:00:48]} Qf3 {[%emt 0:00:52]} 27. Rf4 {[%emt 0:01:11]} Qe2 {[%emt 0:00:16]} 28. Rxf7 {[%emt 0:02:02] [#]} Nxe3 $1 {[%emt 0:03:26]} 29. Re7 {[%emt 0:03:35]} Qxb2 {[%emt 0:00:07]} 30. Re1 {[%emt 0:01:29]} Ng4 {[%emt 0:01:56]} 31. R1e2 {[%emt 0:00:26]} Qd4 {[%emt 0:01:19]} 32. R7e4 {[%emt 0:01:07]} Qd1+ {[%emt 0:01:18]} 33. Kg2 {[%emt 0:00:29]} Qd5 {[%emt 0:01:11]} 34. f3 {[%emt 0:00:44]} Nf6 {[%emt 0:00:05]} 35. Re7 {[%emt 0:00:39]} Qc4 {[%emt 0:00:32]} 36. R7e5 {[%emt 0:00:39]} a5 {[%emt 0:00:17]} 37. h4 {[%emt 0:00:34]} a4 {[%emt 0:03:59]} 38. g4 {[%emt 0:00:21]} a3 {[%emt 0:02:13]} 39. Kg3 {[%emt 0:00:21]} b5 {[%emt 0:01:42]} 40. g5 {[%emt 0:00:39]} Nh5+ {[%emt 0:01:11]} 41. Kf2 {[%emt 0:31:00]} Qxh4+ {[%emt 0:30:29] Double Attack} 42. Ke3 {[%emt 0:00:42]} Qf4+ {[%emt 0:02:03]} 43. Kf2 {[%emt 0:00:14]} Qd4+ {[%emt 0:01:32]} 44. R2e3 {[%emt 0:01:06]} hxg5 {[%emt 0:08:14]} 45. Rxb5 {[%emt 0:00:39]} Qh4+ {[%emt 0:00:37]} 46. Kg2 {[%emt 0:00:00]} Qg3+ {[%emt 0:00:00]} 47. Kf1 {[%emt 0:01:35]} Nf4 {[%emt 0:00:00]} 48. Rbb3 {[%emt 0:00:00]} Qg2+ {[%emt 0:00:00]} 49. Ke1 {[%emt 0:02:35]} Qxa2 {[%emt 0:00:00]} 50. Kf1 {[%emt 0:03:05]} Qb1+ $4 {[%emt 0:00:00]} (50... Qg2+ 51. Ke1 a2 52. Ra3 Qg1+ 53. Kd2 Qf2+ 54. Kd1 {[#]} Qxe3 $1 {[%mdl 576] Promotion} 55. Rxe3 a1=Q+ 56. Kc2 Qa2+ 57. Kc1 Qc4+ 58. Kb1 Qf1+ 59. Kc2 Qf2+ {[%mdl 64] Double Attack} 60. Kc3 Qxe3+ 61. Kb4 Qc1 62. Kb5 Nd5 63. f4 gxf4 64. Ka4 Qb2 65. Ka5 Qb6+ 66. Ka4 Qb4#) 51. Rxb1 {[%emt 0:00:00]} Nd5 {[%emt 0:00:00]} 52. Rxa3 {[%emt 0:04:05]} Kh6 {[%emt 0:00:00]} 53. Kf2 {[%emt 0:00:00]} Kg6 {[%emt 0:00:00]} 54. Ra6+ {[%emt 0:00:00]} Kf7 {[%emt 0:00:00]} 55. Rb7+ {[%emt 0:00:00]} Kg8 {[%emt 0:00:00] [#]} 56. Rg6 $1 {[%emt 0:00:00]} Nf4 {[%emt 0:00:00]} 57. Rgxg7+ {[%emt 0:00:00]} Kh8 {[%emt 0:00:00]} 58. Rgc7 $18 {[%emt 0:00:00]} 1-0

[Event "4th Cap Verde-ch 2020"]
[Site "Mindelo"]
[Date "2020.10.18"]
[Round "7.3"]
[White "Miranda, Iura"]
[Black "Pereira, Eder Marcio"]
[Result "0-1"]
[WhiteElo "1388"]
[BlackElo "1788"]
[Annotator "NA RC"]
[PlyCount "34"]
[EventDate "2020.10.08"]
[EventType "swiss"]
[EventCountry "KAP"]
[SourceTitle "playchess.com"]
[Source "ChessBase"]
[SourceQuality "1"]
[TimeControl "40/5400+30:1800+30"]

1. d4 {[%emt 0:03:40]} c6 {[%emt 0:02:49]} 2. Nf3 {[%emt 0:00:43]} d6 {[%emt 0:04:25]} 3. c3 {[%emt 0:01:36]} Nf6 {[%emt 0:04:16]} 4. Bf4 {[%emt 0:01:05]} Qb6 {[%emt 0:00:37]} 5. Qb3 {[%emt 0:00:18]} Bg4 {[%emt 0:02:23]} 6. Nbd2 {[%emt 0:00:27]} Bf5 {[%emt 0:02:56]} 7. h3 {[%emt 0:04:28]} h6 {[%emt 0:00:17]} 8. e3 {[%emt 0:01:22]} g5 {[%emt 0:08:25]} 9. g4 {[%emt 0:08:24]} gxf4 {[%emt 0:08:19]} 10. gxf5 {[%emt 0:01:29]} fxe3 {[%emt 0:00:17]} 11. fxe3 {[%emt 0:00:27]} Rg8 {[%emt 0:04:27]} 12. O-O-O {[%emt 0:02:59]} Qxb3 {[%emt 0:10:13]} 13. Nxb3 {[%emt 0:00:14]} Ne4 {[%emt 0:04:04]} 14. Re1 {[%emt 0:00:36]} Nd7 {[%emt 0:01:09]} 15. Nbd2 {[%emt 0:00:23]} Ndf6 {[%emt 0:00:27]} 16. Rg1 {[%emt 0:04:58]} Nxd2 {[%emt 0:08:17]} 17. Rxg8 {[%emt 0:01:33]} Nxf3 {[%emt 0:00:30]} 0-1